|
|
|
|
| LEADER |
00000nab a2200000 a 4500 |
| 001 |
vtls000798956 |
| 003 |
SK-MaSNL |
| 005 |
20260304132927.0 |
| 008 |
250429c2002 xo 0 slo |
| 015 |
|
|
|a SNBRB2002/06-20477
|
| 035 |
|
|
|a CLN000150611
|
| 035 |
|
|
|a urn:nbn:sk:snk-aba27k
|
| 035 |
|
|
|a (urnnbn)urn:nbn:sk:snk:ar-a099jy
|
| 035 |
|
|
|a (uuid)89bac1be-a207-4ac4-98c0-75cec805f854
|
| 040 |
|
|
|a SNKBUCL
|b slo
|c SNKBUCL
|e AACR2
|
| 041 |
0 |
|
|a slo
|
| 044 |
|
|
|a xo
|c SK
|
| 080 |
|
|
|a 321.64
|2 1997
|
| 245 |
0 |
0 |
|a Fašizmus a komunizmus
|b konfrontácia názorov
|c Peter Zajac ... [et al.]
|
| 600 |
1 |
7 |
|a Furet, François,
|d 1927-1997
|t Fašizmus a komunizmus
|2 snkbucl
|9 1449138
|
| 600 |
1 |
7 |
|a Nolte, Ernst,
|d 1923-
|t Fašizmus a komunizmus
|2 snkbucl
|9 1449139
|
| 650 |
0 |
7 |
|a fašizmus
|x komunizmus
|x vzťahy
|x názory
|x polemiky
|2 snkbucl
|9 1449140
|
| 650 |
0 |
7 |
|a komunizmus
|2 snkbucl
|9 2152
|
| 655 |
|
7 |
|a články z novín a časopisov
|2 snkbucl
|9 267496
|
| 700 |
1 |
|
|a Zajac, Peter,
|d 1946-
|4 aut
|9 103277
|
| 700 |
1 |
|
|a Zálešák, Tomáš,
|d 1967-
|4 aut
|9 103390
|
| 700 |
1 |
|
|a Lipták, Ľubomír,
|d 1930-2003
|4 aut
|9 105323
|
| 700 |
1 |
|
|a Palko, Vladimír
|4 aut
|9 335623
|
| 773 |
0 |
|
|t OS
|g Roč. 6, č. 6 (2002), s. 43-48
|x 1335-2296
|
| 850 |
|
|
|a Slovenská národná knižnica
|
| 852 |
|
|
|a Slovenská národná knižnica
|
| 954 |
|
|
|a odborná, vedecká literatúra pôvodná (slovenská)
|2 lita
|
| 958 |
|
|
|a article13
|
| 958 |
|
|
|a OND
|
| 958 |
|
|
|a EUIPO
|
| 992 |
|
|
|a RBX
|
| 999 |
|
|
|c 2899844
|d 2901774
|